Statistiques concernant Clubs de Eredivisie (Ligue des Pays Bas)

Cliquez ici pour prendre le quiz!

Statistiques générales

  • Ce quiz a été pris 109 fois
    (31 depuis la dernière actualisation)
  • Le résultat moyen est 12 sur 18

Statistiques - réponses

Réponse% Correct
Ajax Amsterdam
100%
Feyenoord Rotterdam
97%
AZ Alkmaar
93%
PSV Eindhoven
93%
FC Twente
86%
Vitesse Arnhem
83%
Utrecht FC
76%
Sparta Rotterdam
72%
Fortuna Sittard
59%
FC Volendam
55%
PEC Zwolle
55%
Excelsior Rotterdam
52%
Go Ahead Eagles
52%
Heracles
48%
RKC Waalwijk
41%
SC Heerenveen
41%
NEC Nimègue
38%
Almere City FC
34%

Distribution des résultats

Percentile par nombre de réponses

% des personnes avec chaque résultat

Votre développement - résultats

Vous n’avez pas pris ce quiz depuis la dernière actualisation